00335nam a2200121Ia 4500008004100000041000800041082001700049100002000066245004400086260004800130300003000178365000500208240624s9999 xx 000 0 und d aeng a658.4012 KAP aKAPLAN ROBERT S aBALANCED SCORECARD TRANSLATING STRATEGY c1996aBostonbHarvard Business School Press axi, , 322 , 23 : p. : cm. c